000
00310 a2200109 4500
001
ART_7839
005
20260410161638.0
008
260409a
245
1
0
_a
Panorama internacional
100
1
_a
Edelstein, Andrés M.
773
0
_t
Consultor tributario
_g
- Vol. 2, Nº 14 (abr. 2008)
_w
REV474
999
_c
13073
_d
13073